000
00488nam a2200181Ia 4500
008
090124s9999 xx 000 0 und d
082
_b
20125
_a
2319
100
_a
कुरुंदकर नरहर
245
_a
पायवाट
250
_a
1
260
_c
1974
300
_a
192
600
_a
कुरुंदकर नरहर
630
_a
पायवाट
700
_a
कुरुंदकर नरहर
730
_a
पायवाट
942
_c
BOOK
999
_c
133935
_d
133935